| 000 | 00726nam a22001817a 4500 | ||
|---|---|---|---|
| 999 |
_c61747 _d61747 |
||
| 005 | 20240426144604.0 | ||
| 008 | 240426s2008 enk||||| |||| 00| 0 eng d | ||
| 020 | _a9780071466332x | ||
| 041 | _aeng | ||
| 080 | _a616.4 H-30 | ||
| 245 |
_aHarrison's Principles of Internal Medicine / _cEditor Anthony S. Fauci; Eugene Braunwald; Dennis L. Kasper; Stephen L. Hauser; Dan L. Longo; J. Larry Jameson; Joseph Loscalzo. |
||
| 250 | _a 17th Edition | ||
| 264 |
_aNew York : _bMcGraw-Hill, _c2008 |
||
| 300 |
_a2754 p.: _bill.; _c28 cm. |
||
| 653 | _aჰარისონის შინაგანი მედიცინის პრინციპები | ||
| 653 | _aმდიცინა | ||
| 942 |
_2udc _cᲬᲘᲒᲜᲘ |
||